On target : achieving best business performance /
Measure for measure. Establishing a framework. Operations. Quality targets. Supplier measurement. Marketing measures. Staff. Financial measures. Impact on society. Performance checklist.
Shranjeno v:
| Glavni avtor: | |
|---|---|
| Format: | Knjiga |
| Jezik: | English |
| Izdano: |
London :
International Thomson Business Press,
1999.
|
| Teme: | |
| Oznake: |
Označite
Brez oznak, prvi označite!
|
| Thư viện lưu trữ: | Mạng thư viện Đại học Đà Nẵng |
|---|
| LEADER | 01077cam a2200349 i 4500 | ||
|---|---|---|---|
| 001 | 000047471 | ||
| 003 | 7152 | ||
| 005 | 20030311110512.0 | ||
| 008 | 010324|1999 vm 000 eng | ||
| 020 | |a 1861525273 | ||
| 040 | |a IRC |c IRC |d IRC | ||
| 041 | 0 | |a eng | |
| 082 | 1 | 4 | |a 650.1 |b IR-D |
| 100 | 1 | |a Irwin, David. | |
| 245 | 0 | 0 | |a On target : |b achieving best business performance / |c David Irwin. |
| 260 | |a London : |b International Thomson Business Press, |c 1999. | ||
| 300 | |a 232 p. ; |c 23.5cm. | ||
| 520 | 3 | |a Measure for measure. Establishing a framework. Operations. Quality targets. Supplier measurement. Marketing measures. Staff. Financial measures. Impact on society. Performance checklist. | |
| 630 | 0 | 4 | |a Business. |
| 630 | 0 | 4 | |a Success in business. |
| 650 | 0 | 4 | |a Strategic planning. |
| 650 | 0 | 4 | |a Success in business. |
| OWN | |a DUT | ||
| 999 | |a From the UDN01 | ||
| TYP | |a Monograph | ||
| TYP | |a Printed language | ||
| 980 | |a Mạng thư viện Đại học Đà Nẵng | ||


